STN EN 50496: 2009 (36 7943) Určovanie expozície pracovníkov elektromagnetickými poliami a vyhodnocovanie rizika vo vysielacej stanici

Táto norma je slovenskou verziou európskej normy EN 50496: 2008. Preklad zabezpečil Slovenský ústav technickej normalizácie. Táto norma má rovnaké postavenie, ako majú oficiálne verzie

Bibliographic Details
Other Authors: Čatlošová, Gabriela (Translator), Čatloš, Marcel (Translator)
Format: Book
Language:Slovak
English
PhysicalDescription:24 s. obr., tab. 30 cm
Published: Bratislava Slovenský ústav technickej normalizácie 2009
Subjects:

MARC

LEADER 00000nam a2200000 a 4500
001 vtls009941068
003 SK-MaSNL
005 20260301171958.0
008 160624s2009 xo ka f u 000 0 slo
015 |a SNBN2010/01-00429 
020 |c (cen. skup. 12) 
040 |a SNK  |b slo  |c SNK  |e AACR2 
041 1 |a slo  |h eng 
044 |a xo  |c SK 
046 |a s  |m 200908 (účin. ) 
072 7 |a 613  |x Hygiena. Ľudské zdravie  |2 konspekt 
080 |a 613.648  |2 2001 
080 |a 006.7/.8  |2 2001 
080 |a (437.6) 2 2001  |2 1981 
080 |a (4)  |2 2001 
084 |a 17.240  |2 ICS 
130 0 |a STN 36 7943 (STN EN 50496)  |9 540671 
245 1 0 |a STN EN 50496: 2009 (36 7943) Určovanie expozície pracovníkov elektromagnetickými poliami a vyhodnocovanie rizika vo vysielacej stanici  |c spracovateľ INFOSERVIS, Krompachy, Gabriela Čatlošová, Marcel Čatloš 
246 1 0 |a Určovanie expozície pracovníkov elektromagnetickými poliami a vyhodnocovanie rizika vo vysielacej stanici 
246 3 0 |a EN 50496: 2008 E 
260 |a Bratislava  |b Slovenský ústav technickej normalizácie  |c 2009 
300 |a 24 s.  |b obr., tab.  |c 30 cm 
504 |a Citované normy s. 2 ; literatúra s. 21 
520 8 |a Táto norma je slovenskou verziou európskej normy EN 50496: 2008. Preklad zabezpečil Slovenský ústav technickej normalizácie. Táto norma má rovnaké postavenie, ako majú oficiálne verzie 
540 |a STN vydané na akomkoľvek nosiči sa môžu rozmnožovať a rozširovať iba so súhlasom určenej právnickej osoby  |b SÚTN Bratislava  |c zákon 264/1999 Z. z. 
650 0 7 |a ochrana zdravia  |2 SVKBBPH  |9 1135 
650 0 7 |a technické normy a štandardy  |z Slovensko  |2 SVKBBPH  |9 79594 
650 0 7 |a technické normy a štandardy  |z krajiny Európskej únie  |2 SVKBBPH  |9 289341 
650 0 7 |a ochrana pred elektromagnetickými poliami  |2 SVKBBPH  |9 540670 
655 7 |a normy  |2 SVKBBPH  |9 70643 
700 1 |a Čatlošová, Gabriela  |4 trl  |9 297358 
700 1 |a Čatloš, Marcel  |4 trl  |9 291773 
710 2 |a Slovenský ústav technickej normalizácie (Bratislava, Slovensko)  |b Technická komisia: TK 34 Elektromagnetická kompatibilita  |4 stn  |9 326836 
958 |a OP 
958 |a NB 
999 |c 832014  |d 833944 
952 |a SNK  |b SNK  |y PREZ  |7 0  |p 17A0630866  |o snkSTN EN 50496 D1  |i snk2009/16561  |8 0  |0 0  |1 0  |4 0  |d 2009-09-16  |l 0  |r 2026-02-24 03:41:58  |w 2026-02-24 
952 |a SNK  |b SNK  |y PREZ  |7 0  |p 17A0630865  |o snkSTN EN 50496  |i snk2009/16560  |8 0  |0 0  |1 0  |4 0  |d 2009-09-16  |l 0  |r 2026-02-24 03:41:58  |w 2026-02-24